| 000 | 01080nam0a22002411 4500 | ||
|---|---|---|---|
| 001 | rc\375702 | ||
| 005 | 20030307123918.0 | ||
| 035 | _a(NLR Aleph) 005607625 | ||
| 090 |
_a6379210 _c6379210 |
||
| 100 | _a20030307d1989 u |0rusy50 ca | ||
| 101 | 0 | _arus | |
| 102 | _aRU | ||
| 105 | _ay ||||||||| | ||
| 200 | 1 |
_aМОЛОДАЯ поэзия Куйбышева _eПрограмма и метод. рекомендации для организаторов лит. встреч и вечеров _fОбл. науч.-метод. центр НТ и КПР _g[Сост. к. филол. н. Ю.Б. Орлицкий] |
|
| 210 |
_aКуйбышев _cБ. и. _d1989 |
||
| 215 |
_a42 с. _d20 |
||
| 702 | 1 |
_aОрлицкий _bЮ. Б. _gЮрий Борисович _4220 |
|
| 712 | 0 | 2 |
_aКуйбышевский обл. науч.-метод. центр народного творчества и культурно-просветительной работы _3RU\NLR\AUTH\889928921 |
| 801 | 0 |
_aRU _bNLR _gpsbo |
|
| 801 | 1 |
_aRU _bELAR _2rusmarc |
|
| 852 |
_aNLR _j90-4/9440 |
||
| 942 | _cBOOK | ||
| 980 | _aNB | ||